| 000 | 00883nam a22002777a 4500 | ||
|---|---|---|---|
| 005 | 20111011151059.0 | ||
| 008 | 111011t xxu||||| |||| 00| 0 eng d | ||
| 010 | _aENG-103946 | ||
| 020 |
_a9789380834306 _c150.00 |
||
| 035 | _aEN-87479 | ||
| 037 | _bDBAD/PUB | ||
| 040 |
_aDPL _bEng |
||
| 082 | _aN | ||
| 100 |
_935436 _aSingh, Neha |
||
| 245 | 0 | 0 |
_aSoul / _cby Neha Singh |
| 260 |
_aBhopal _bIndra Publishing House _c2011 |
||
| 270 |
_aE-5/21, Arera Colony, Habibganj Police Station Road _bBhopal _e462016 |
||
| 300 |
_a192p. _c21cm (pbk) |
||
| 610 | _935431 | ||
| 650 | _935432 | ||
| 651 | _935433 | ||
| 700 | 1 | _935434 | |
| 942 |
_2ddc _cEN _mSIN _hN |
||
| 999 |
_c57550 _d57550 |
||